000 00684nmm a2200205Ia 4500
008 251105s9999||||xx |||||||||||||||||und||
020 _a9789588225678
041 _aspa
100 _aJaramillo S., Hernán
245 0 _aAprender haciendo : Experiencia en la formación de jóvenes investigadores en Colombia
264 _a[Bogotá, Colombia] :
_bUniversidad del Rosario,
_c2009
300 _a297 páginas
650 _aSocial Sciences (General)
700 _aJaramillo S., Hernán
700 1 _a Piñeros J., Luis Jaime
700 1 _a Lopera O., Carolina
700 1 _a Álvarez G., Jesús María
856 _uhttps://public.digitaliapublishing.com/a/10209
942 _cCF
999 _c67202
_d67202